|
|
|
|
| LEADER |
00000cam a2200000 7i4500 |
| 001 |
0000003659 |
| 005 |
20191016093000.0 |
| 008 |
021118n |
| 020 |
|
|
|a 0071340963
|
| 090 |
0 |
0 |
|a HG4521
|b .S519 1999
|
| 100 |
0 |
|
|a Sheimo, Michael D. ,
|d 1944- ,
|e author
|
| 245 |
0 |
0 |
|a Stock market rules :
|b 70 of the most widely held investment axioms explained, examined and exposed
|c Michael D. Sheimo
|
| 250 |
|
|
|a 2nd ed.
|
| 260 |
2 |
|
|a New York :
|b McGraw-Hill ,
|c c1999
|
| 300 |
|
|
|a 313 p. :
|b ill. ; ;
|c 24 cm.
|
| 504 |
|
|
|a Includes index
|
| 650 |
|
0 |
|a Investments
|x Miscellanea
|
| 650 |
|
0 |
|a Stock exchanges
|x Miscellanea
|
| 999 |
|
|
|a 1000084175
|b Book
|c OPEN SHELF (30 DAYS)
|e Gong Badak Campus
|